[Event "NED-ch U11"]
[Site "Waalwijk"]
[Date "2012.04.06"]
[Round "3"]
[White "Zilverentant, Maarten"]
[Black "De Boer, Eelke"]
[Result "0-1"]
[WhiteElo "812"]
[BlackElo "1038"]
[PlyCount "106"]
[EventDate "2012.04.06"]
[EventType "swiss"]
[EventRounds "9"]
[EventCountry "NED"]
[SourceTitle "EXT 2013"]
[Source "ChessBase"]
[SourceDate "2012.11.22"]
[SourceVersion "1"]
[SourceVersionDate "2012.11.22"]
[SourceQuality "1"]

1. e4 e5 2. Nf3 Nc6 3. Nc3 Bc5 4. Bb5 d6 5. h3 Bd7 6. Bxc6 Bxc6 7. 0-0 Nf6 8. d3 h6 9. Be3 Bb6 10. Bxb6 axb6 11. Nh4 0-0 12. Nf5 Qd7 13. Qf3 Kh8 14. Qg3 Nh5 15. Qg4 g6 16. Nxh6 Kh7 17. Qxd7 Bxd7 18. Ng4 f5 19. exf5 gxf5 20. Ne3 Rg8 21. Ncd5 f4 22. Nc4 Bxh3 23. Kh2 Bxg2 24. Rg1 Bxd5 25. Rxg8 Rxg8 26. Nd2 Rg2+ 27. Kh3 Rxf2 28. Nb3 Rxc2 29. Rb1 Bxb3 30. axb3 Rd2 31. Kg4 Kg6 32. Rh1 Rxd3 33. Rxh5 Rg3+ 34. Kh4 Rh3+ 35. Kxh3 Kxh5 36. Kg2 Kg4 37. Kf2 f3 38. b4 e4 39. Kf1 e3 40. b5 Kg3 41. b3 e2+ 42. Ke1 f2+ 43. Kxe2 Kg2 44. b4 f1Q+ 45. Ke3 Qxb5 46. Ke4 Qe5+ 47. Kd3 Kf3 48. Kc4 Ke3 49. Kb3 Kd3 50. Ka4 Qa1+ 51. Kb3 Qb1+ 52. Ka4 Qa2+ 53. Kb5 Qa6# 0-1